000 00680nam a2200193 i 4500
001 44984
003 ES-MaACL
005 20251003150851.0
007 t|
008 030324s1865 sp ||||1| spa d
110 2 _aAsociación para la Reforma de los Aranceles de Aduanas
_91779
245 1 0 _aRicardo Cobden /
_cpor la Asociación Española para la Reforma de los Aranceles de Aduanas.
260 _aMadrid :
_b[s.n.],
_c1865 (
_fImp. de la Gaceta Economista)
300 _a186 p., 1 lám. ;
_c22 cm.
600 1 4 _aCobden, Richard,
_d1804-1865
_939338
852 _aES-MaACL
_jG-7900
852 _aES-MaACL
_jT-1283-F-2
999 _c44984
_d44984